LEADER 01197nam a2200289 u 4500 001 000000000350 003 CaOOAMICUS 005 20070226104205.0 008 940517s1982 xxc u000 u eng u 020 $a0-8020-6488-4 035 $a10006320 040 $aPUL$bita 100 1 $aPfaff, Richard W.,$d1936-$0(OLS)http://pul/name/349 245 10$aMedieval Latin liturgy :$ba select bibliography /$cRichard W. Pfaff. 260 $aToronto :$bUniversity of Toronto Press,$c1982. 300 $a129 p. ;$c22 cm 490 1 $aToronto medieval bibliographies ;$v9 500 $aIncludes index. 650 0$aLiturgies$xHistory$xBibliography.$2//eng$0(OLS)http://pul/subject/361 830 0$aToronto medieval bibliographies ;$v9.$0(OLS)http://pul/title/426 850 $aPUL 852 $aPUL$W1$xSL Religione 1$y3$m12 H 8$j358$nBK-PRI$b $qStampati$B358$CPULBib$Z2$F358 $H $81 941 1 $a8 961 $aINV: 49925. 996 $6020$a0-8020-6488-4$9(OLS)http://pul/number/370 996 $6245$aMedieval Latin liturgy :$ba select bibliography$9(OLS)http://pul/title/425 996 $6260$aToronto :$bUniversity of Toronto Press$9(OLS)http://pul/publisher/48043 LEADER 01429cam a22003014a 4500 001 000000159863 003 CaOOAMICUS 005 20170404090708.0 008 170404s2008 gw b 011 0 ger r 020 $z9783525539675* 032 $aLibriCat 040 $aPUL$bita 100 1 $aMetzner, Rainer.$0(OLS)http://pul/name/49290 245 14$aDie Prominenten im Neuen Testament :$bein prosopographischer Kommentar /$cRainer Metzner. 260 $aGöttingen :$bVandenhoeck und Ruprecht,$c©2008. 300 $a695 p. ;$c24 cm. 490 1 $aNovum Testamentum et Orbis antiquus.$aStudien zur Umwelt des Neuen Testaments ;$vBd. 66 504 $aInclude riferimenti bibliografici ed indice 630 04$aBiblia.$pN.T.$xCritica e interpretazione.$0(OLS)http://pul/subject/1926 830 0$aNovum Testamentum et Orbis antiquus.$pStudien zur Umwelt des Neuen Testaments ;$vBd. 66.$0(OLS)http://pul/title/105627 850 $aPUL 852 $aPUL$W1$xSL Religione 1$y3$m5 S 66$j183446$qStampati$B186652$CPULBib$Z2$F186652 $H129311 $81 941 1 $a8 983 0$aNovum Testamentum et Orbis antiquus. 996 $6020$z9783525539675*$9(OLS)http://pul/number/162322 996 $6245$aDie Prominenten im Neuen Testament :$bein prosopographischer Kommentar$9(OLS)http://pul/title/199491 996 $6260$aGöttingen :$bVandenhoeck und Ruprecht$9(OLS)http://pul/publisher/51622 LEADER 01366nam a2200277 a 4500 001 000000161004 003 CaOOAMICUS 005 20170526141505.0 008 170526s2017 it frm z000 0 ita r 032 $aLibriCat 040 $aPUL$bita 100 1 $aZuncheddu, Luigi.$0(OLS)http://pul/name/103065 245 12$aL'indagine pregiudiziale o pastorale nel motu proprio mitis iudex :$balcuni aspetti canonici e pastorali /$cLuigi Zuncheddu. 260 $aRoma :$b[s.n.],$c2017. 300 $a153 p.;$c24 cm 502 $aTesi di Dottorato-- Pontificia Universitas Lateranensis--Facoltà di Diritto Canonico--Roma, 2017. 504 $aBibliografia: p. [143]-153. 610 24$aPapi (2013-2025 : Franciscus)$tMitis iudex dominus Iesus.$0(OLS)http://pul/subject/43276 650 04$aProcedura canonica matrimoniale$xRiforma.$0(OLS)http://pul/subject/44193 710 2 $aPontificia Università Lateranense.$bFacoltà di diritto canonico.$kTesi.$0(OLS)http://pul/name/81682 850 $aPUL 852 $aPUL$W1$xDP1 Tesi Pon Univ. Lateranense$y41$m2017 C 12$j184950$qTesi$B188144$CPULBib$Z2$F188144 $82 941 1 $a16 996 $6245$aL'indagine pregiudiziale o pastorale nel motu proprio mitis iudex :$balcuni aspetti canonici e pastorali$9(OLS)http://pul/title/200723 996 $6260$aRoma :$b[s.n.]$9(OLS)http://pul/publisher/47958